| 000 | 00543nam a22001937a 4500 | ||
|---|---|---|---|
| 003 | OSt | ||
| 005 | 20140310181718.0 | ||
| 008 | 130226t xxu||||| |||| 00| 0 eng d | ||
| 020 | _a9781446208625 | ||
| 050 |
_aLB 1028 _bC56 2012 |
||
| 082 |
_aLB 1028 _bC56 2012 |
||
| 245 |
_aA student's guide to methodology : justifying enquiry _cPeter Clough, Cathy Nutbrown |
||
| 260 |
_aLos Angeles _bSAGE Publications _c2012 |
||
| 300 |
_a269 p. _c23 cm |
||
| 521 | _aBasic Ed. Students | ||
| 541 | _j1 | ||
| 562 | _e1 | ||
| 942 |
_2lcc _cBK-TR _kTR |
||
| 999 |
_c1875 _d1875 |
||